[Event "LYM - Young Masters"]
[Site "Lausanne - Casino de Montbenon"]
[Date "2004.09.19"]
[Round "3.1"]
[White "Navara, David"]
[Black "Alekseev, Evgeny"]
[Result "1/2-1/2"]
[WhiteElo "2616"]
[BlackElo "2606"]
[PlyCount "137"]
[EventDate "2004.??.??"]

1. d4 Nf6 2. c4 e6 3. Nc3 Bb4 4. Qc2 O-O 5. a3 Bxc3+ 6. Qxc3 b6 7. Bg5 Bb7 8.
Nf3 d6 9. Nd2 Nbd7 10. f3 c5 11. e4 Re8 12. Be2 Nd5 13. cxd5 Qxg5 14. dxe6 Qxg2
15. O-O-O Rxe6 16. Bb5 cxd4 17. Qxd4 Nc5 18. Bc4 Rg6 19. Rdg1 Qh3 20. Rxg6 hxg6
21. Qxd6 Qd7 22. Qxd7 Nxd7 23. Kc2 Kf8 24. Kd3 Rd8 25. Ke3 Ke7 26. h4 Rh8 27.
f4 Nf6 28. Be2 Rc8 29. Rb1 Rc2 30. Bd1 Rc5 31. Bf3 Rc7 32. Nb3 Ke8 33. Rc1 Rxc1
34. Nxc1 Nd7 35. Nd3 Ke7 36. b4 Nf8 37. Bg4 Bc6 38. Ne5 Be8 39. Be2 f6 40. Nf3
Ne6 41. Nd4 Nc7 42. e5 Nd5+ 43. Kf3 Nc7 44. Bc4 Bd7 45. Bd3 Be8 46. Be4 Ne6 47.
Ke3 fxe5 48. fxe5 Nxd4 49. Kxd4 g5 50. hxg5 Bf7 51. Bd3 Bb3 52. Bc4 Bd1 53. Ke4
Bg4 54. Bb3 Be2 55. a4 Bg4 56. a5 Be2 57. Bd5 Bg4 58. Kf4 Bd7 59. Be4 Be6 60.
Bf5 Bb3 61. Bd3 Be6 62. Be4 Kd8 63. Bf5 Bb3 64. Ke3 Ke7 65. Kd4 Ba2 66. Bd3 Bb3
67. Be2 Be6 68. Ke4 Bb3 69. Bg4 1/2-1/2

[Event "LYM - Young Masters"]
[Site "Lausanne - Casino de Montbenon"]
[Date "2004.09.20"]
[Round "3.4"]
[White "Alekseev, Evgeny"]
[Black "Navara, David"]
[Result "1-0"]
[WhiteElo "2606"]
[BlackElo "2616"]
[PlyCount "175"]
[EventDate "2004.??.??"]

1. c4 g6 2. g3 Bg7 3. Bg2 c5 4. Nc3 Nc6 5. d3 e6 6. Nh3 Nge7 7. Nf4 b6 8. Qd2
Bb7 9. b3 d6 10. Bb2 Qd7 11. Ne4 e5 12. Nd5 Nxd5 13. cxd5 Ne7 14. Nc3 f5 15.
O-O O-O 16. f4 Rae8 17. e4 Kh8 18. Kh1 fxe4 19. dxe4 Ng8 20. Rae1 Bc8 21. Nd1
Ba6 22. Rf2 exf4 23. gxf4 Nf6 24. Nc3 Nh5 25. Qe3 Bd4 26. Nd1 Qg7 27. Bxd4 Qxd4
28. f5 Qxe3 29. Nxe3 Bd3 30. Kg1 Bxe4 31. Nc4 Bxf5 32. Rxe8 Rxe8 33. Nxd6 Re1+
34. Bf1 Bh3 35. Nb5 Kg7 36. Rf3 Bg4 37. Rf2 Nf6 38. d6 Ne4 39. Rf4 Bh3 40. Rf3
Bd7 41. Nxa7 Nd2 42. Rf2 Bh3 43. d7 Nxf1 44. Rf7+ Kxf7 45. d8=Q Re2 46. Qh4
Rxh2 47. Nc6 g5 48. Qxh7+ Ke6 49. Qg6+ Kd5 50. Ne7+ Kd4 51. Qf6+ Kd3 52. Nd5
Rxa2 53. Qf3+ Kd4 54. Qxh3 Kxd5 55. Qxf1 Kd4 56. Qc4+ Ke3 57. b4 Ra1+ 58. Kg2
cxb4 59. Qxb4 Rd1 60. Qxb6+ Rd4 61. Kg3 Kd3 62. Qg6+ Ke3 63. Qxg5+ Kd3 64. Qf5+
Ke3 65. Qc5 Ke4 66. Qc6+ Ke3 67. Qe6+ Re4 68. Qb3+ Kd4 69. Kf3 Re5 70. Qb2+ Kd5
71. Kf4 Re6 72. Kf5 Rc6 73. Qd2+ Kc5 74. Ke5 Kc4 75. Qc2+ Kb5 76. Qb3+ Kc5 77.
Qc3+ Kb5 78. Qb3+ Kc5 79. Qd5+ Kb6 80. Kd4 Kc7 81. Qf7+ Kb6 82. Qd7 Rc7 83.
Qe6+ Rc6 84. Qb3+ Ka6 85. Kd5 Rc8 86. Qa4+ Kb6 87. Qb4+ Ka6 88. Qa3+ 1-0

[Event "LYM - Young Masters"]
[Site "Lausanne - Casino de Montbenon"]
[Date "2004.09.20"]
[Round "3.5"]
[White "Navara, David"]
[Black "Alekseev, Evgeny"]
[Result "1/2-1/2"]
[WhiteElo "2616"]
[BlackElo "2606"]
[PlyCount "77"]
[EventDate "2004.??.??"]

1. d4 Nf6 2. c4 e6 3. Nc3 Bb4 4. Qc2 O-O 5. a3 Bxc3+ 6. Qxc3 b6 7. Bg5 Bb7 8.
e3 d6 9. Ne2 Nbd7 10. Qd3 Ba6 11. b4 c5 12. b5 Bb7 13. Nc3 Qe7 14. Be2 h6 15.
Bxf6 Nxf6 16. O-O Rac8 17. d5 exd5 18. cxd5 Rfe8 19. Qc4 Ne4 20. Rad1 Nxc3 21.
Qxc3 Qe5 22. Qxe5 Rxe5 23. Bc4 Ra8 24. Rd3 a6 25. bxa6 Bxa6 26. Rb1 Kf8 27. Kf1
Ke8 28. Rdb3 Rxd5 29. Rxb6 Rd3 30. Ke2 Rxa3 31. Rxd6 Ra2+ 32. Kf3 Ke7 33. Rc6
Rc2 34. Rc7+ Kf6 35. g4 g6 36. h4 Kg7 37. Kg3 Kf6 38. f3 g5 39. Rc6+ 1/2-1/2

[Event "LYM - Young Masters"]
[Site "Lausanne - Casino de Montbenon"]
[Date "2004.09.20"]
[Round "3.6"]
[White "Alekseev, Evgeny"]
[Black "Navara, David"]
[Result "0-1"]
[WhiteElo "2606"]
[BlackElo "2616"]
[PlyCount "122"]
[EventDate "2004.??.??"]

1. c4 e5 2. Nc3 Nf6 3. Nf3 Nc6 4. d3 Bb4 5. Bd2 O-O 6. e3 Re8 7. Be2 d6 8. O-O
Bf5 9. a3 Bxc3 10. Bxc3 e4 11. Nd4 Nxd4 12. Bxd4 exd3 13. Bxd3 Bxd3 14. Qxd3
Nd7 15. b3 Qg5 16. Kh1 a5 17. Rae1 Nc5 18. Qc2 b6 19. e4 Qg6 20. f3 Re7 21. b4
axb4 22. axb4 Ne6 23. Be3 Ree8 24. Ra1 Qf6 25. Rad1 Ra3 26. Rd3 Rea8 27. h3 h5
28. Rb1 Ra2 29. Qd1 Ra1 30. Rdb3 R8a2 31. Qf1 Rxb1 32. Rxb1 Qc3 33. Bf2 Nf4 34.
c5 dxc5 35. bxc5 bxc5 36. Kg1 c4 37. Kh2 Qc2 38. Kg3 g5 39. h4 Ne2+ 40. Kh2 g4
41. Qe1 Kh7 42. Rb5 Nf4 43. Kg3 Ne2+ 44. Kh2 g3+ 45. Bxg3 Nf4 46. Bf2 Qxf2 47.
Qxf2 Rxf2 48. Kg3 Nd3 49. Rxh5+ Kg6 50. Rg5+ Kf6 51. Rf5+ Ke6 52. Rd5 Rd2 53.
Rd4 c3 54. Rc4 c2 55. Rxc7 c1=Q 56. Rxc1 Nxc1 57. f4 Ne2+ 58. Kg4 Nxf4 59. Kxf4
Rxg2 60. h5 Rh2 61. Kg3 Rxh5 0-1